| 000 | 00421nam a2200169Ia 4500 | ||
|---|---|---|---|
| 999 |
_c30589 _d30589 |
||
| 003 | OSt | ||
| 005 | 20250522171158.0 | ||
| 008 | 250310s9999||||xx |||||||||||||| ||und|| | ||
| 040 | _c. | ||
| 082 |
_a823.912 _bH6157 |
||
| 100 |
_94842 _aHeyer, Georgette |
||
| 245 | 0 |
_aFaro's daughter / _cGeorgette Heyer |
|
| 260 |
_aLondon : _bHeinemann, _c1941. |
||
| 300 | _a278 p. | ||
| 650 | 0 |
_92474 _aEnglish fiction |
|
| 942 |
_cBK _2ddc |
||